1197 1797 1012 1244 1506 1892 1769 1586 1700 1422 1581 1624 1142 1371 1467 1141 1950 1577 1813 1645 1427 1568 1657 1054 1076 1487 1348 1444 1821 1758 1910 1952 1837 1821 1349 1968 1002 1974 1688 1016 1503 1422 1616 1341 1682 1725 1999 1450 1204 1485 1737 1330 1988 1399 1330 1441 1921 1685 1730 1973 1125 1002 1373 1960 1724 1131 1897 1200 1765 1560 1016 1930 1865 1473 1641 1005 1143 1890 1461 1094 1293 1645 1687 1074 1446 1548 1636 1400 1092 1095 1320 1499 1109 1980 1238 1755 1299 1722 1246 BCNSPRNW ULIB Ver.6.0+V

เปลี่ยนเป็นภาษาไทย

Change to English
 แสดงรายละเอียดบรรณานุกรม
  กลับหน้าหลัก

Brief Record : Get Marc (ISO 2709) : E-mail record : QR code < ปิดหน้าต่าง
LEADER : 00000nam 2200000uu 4500
001    13399127575
003     ULIB
008    210205s2561||||th 000 0 tha d
020    ^a9786164431645
060    ^aQW4^bพ65จ
100    ^aพบชัย งามสกุลรุ่งโรจน์ และคนอื่นๆ
245    ^aจุลชีววิทยาการแพทย์ = Medical microbiology
250    ^aพิมพ์ครั้งที่ 3
260    ^aกรุงเทพฯ :^bพริ้นติ้ง,^c2561
300    ^a590 หน้า :^bภาพประกอบ ;^c26 ซม.
650    ^aจุลชีววิทยา
650    ^aแบคทีเรีย
650    ^aไวรัสวิทยา
650    ^aเชื้อรา
700    ^aวรรณี กัณฐกมาลากุล
700    ^aไอยฤทธิ์ ไทยพิสุทธิกุล
700    ^aภัทรชัย กีรติสิน
710    ^aมหาวิทยาลัยมหิดล. คณะแพทยศาสตร์ศิริราชพยาบาล. ภาควิชาจุลชีววิทยา
945    ^p950^l0^i28569
945    ^p950^l0^i28570
945    ^p950^l0^i28571
945    ^p950^l0^i28572
945    ^p950^l0^i28573
945    ^p950^l0^i28574
945    ^p950^l0^i28575
945    ^p950^l0^i28576
945    ^p950^l0^i28577
945    ^p950^l0^i28578
999    ^aกัณชพร จุลอักษร
รายการนี้ยังไม่มีแท็ก
คุณยังไม่ได้ล็อกอิน คุณสามารถมีกิจกรรมร่วมกับเว็บไซต์ได้ แต่ต้องล็อกอินก่อน ::
  ล็อกอิน

รายการสื่อสารสนเทศ

ลำดับที่ ประเภท เลขเรียก/บาร์โค้ด สถานที่ สถานะ
1. หนังสือสำรอง
หนังสือสำรอง
QW4 พ65จ ฉ.1 
  Barcode: 28569
ห้องสมุดวิทยาเขตนครสวรรค์
►หนังสือทั่วไป:l:General Books
บนชั้น
2. วิทยาศาสตร์การแพทย์ และสุขภาพ
วิทยาศาสตร์การแพทย์ และสุขภาพ
QW4 พ65จ ฉ.10 
  Barcode: 28578
ห้องสมุดวิทยาเขตนครสวรรค์
►หนังสือทั่วไป:l:General Books
บนชั้น
3. วิทยาศาสตร์การแพทย์ และสุขภาพ
วิทยาศาสตร์การแพทย์ และสุขภาพ
QW4 พ65จ ฉ.2 
  Barcode: 28570
ห้องสมุดวิทยาเขตนครสวรรค์
►หนังสือทั่วไป:l:General Books
บนชั้น
4. วิทยาศาสตร์การแพทย์ และสุขภาพ
วิทยาศาสตร์การแพทย์ และสุขภาพ
QW4 พ65จ ฉ.3 
  Barcode: 28571
ห้องสมุดวิทยาเขตนครสวรรค์
►หนังสือทั่วไป:l:General Books
บนชั้น
5. วิทยาศาสตร์การแพทย์ และสุขภาพ
วิทยาศาสตร์การแพทย์ และสุขภาพ
QW4 พ65จ ฉ.4 
  Barcode: 28572
ห้องสมุดวิทยาเขตนครสวรรค์
►หนังสือทั่วไป:l:General Books
บนชั้น
6. วิทยาศาสตร์การแพทย์ และสุขภาพ
วิทยาศาสตร์การแพทย์ และสุขภาพ
QW4 พ65จ ฉ.5 
  Barcode: 28573
ห้องสมุดวิทยาเขตนครสวรรค์
►หนังสือทั่วไป:l:General Books
บนชั้น
7. วิทยาศาสตร์การแพทย์ และสุขภาพ
วิทยาศาสตร์การแพทย์ และสุขภาพ
QW4 พ65จ ฉ.6 
  Barcode: 28574
ห้องสมุดวิทยาเขตนครสวรรค์
►หนังสือทั่วไป:l:General Books
บนชั้น
8. วิทยาศาสตร์การแพทย์ และสุขภาพ
วิทยาศาสตร์การแพทย์ และสุขภาพ
QW4 พ65จ ฉ.7 
  Barcode: 28575
ห้องสมุดวิทยาเขตนครสวรรค์
►หนังสือทั่วไป:l:General Books
บนชั้น
9. วิทยาศาสตร์การแพทย์ และสุขภาพ
วิทยาศาสตร์การแพทย์ และสุขภาพ
QW4 พ65จ ฉ.8 
  Barcode: 28576
ห้องสมุดวิทยาเขตนครสวรรค์
►หนังสือทั่วไป:l:General Books
บนชั้น
10. วิทยาศาสตร์การแพทย์ และสุขภาพ
วิทยาศาสตร์การแพทย์ และสุขภาพ
QW4 พ65จ ฉ.9 
  Barcode: 28577
ห้องสมุดวิทยาเขตนครสวรรค์
►หนังสือทั่วไป:l:General Books
บนชั้น

รายการใกล้เคียง
    ชื่อเรื่อง [จุลชีววิทยาการแพทย์ = Medical microbiology]

    ผู้แต่ง [พบชัย งามสกุลรุ่งโรจน์ และคนอื่นๆ]

    หัวเรื่อง [จุลชีววิทยา]
    หัวเรื่อง [แบคทีเรีย]
    หัวเรื่อง [ไวรัสวิทยา]
    หัวเรื่อง [เชื้อรา]

BibComment


ยังไม่เคยถูกคอมเมนท์

คอมเมนท์ทรัพยากรรายการนี้
  คอมเมนท์: จุลชีววิทยาการแพ..


 Copyright 2026. Bcnsprnw @Library